01139nam a2200313Ia 450000500170000000800410001702000180005810000280007624501140010425000180021830000250023649000230026150000360028453400240032065000380034465000420038265000330042465000490045765000380050665000370054470000410058170000280062226400410065033600270069133700330071833800280075104000350077908400110081420220317001516.0161108s2015 ck 000 f s  a97895889253561 aAusten, Janed1775-181710aSentido y sensibilidadcJane Austen ; introducción de Tony Tanner ; traducción de Ana María Rodríguez a1a. edición a413 páginasc19 cm aPenguin clásicos aIncluye cronología de la obra tSense & sensibility142LEMBaNovela inglesaySiglo XVIII142LEMBaLiteratura inglesaySiglo XVIII142LEMBaMujer en la literatura142LEMBaRelaciones de familia en la literatura142LEMBaMatrimonio en la literatura142LEMBaFelicidad en la literatura1 aRodríguez, Ana Maríaetraductora1 aTanner, Tonye1935-1998 aBogotábPenguin Random Housec2015 atextobtxt2rdacontent asin mediaciónbn2rdamedia avolumenbnc2rdacarrier aCO-BoRNBPbspaerdacCO-BoRNBP aN AUS1